Statistics for Flags of Countries That Border France

Click here to take the quiz!

General Stats

  • This quiz has been taken 17,872 times
    (17,845 since last reset)
  • The average score is 9 of 10

Answer Stats

Flag Country % Correct
Switzerland
99%
Italy
98%
Brazil
97%
Germany
95%
Spain
94%
Belgium
89%
Luxembourg
77%
Andorra
76%
Monaco
73%
Suriname
63%

Score Distribution

Percentile by Number Answered

Percent of People with Each Score

Your Score History

You have not taken this quiz since the last reset